[Event "Pays de Loire-chT"]
[Site "Cholet"]
[Date "2009.??.??"]
[Round "1"]
[White "Secher, Pierre"]
[Black "Denous, Cyprien"]
[Result "1-0"]
[WhiteElo "1660"]
[BlackElo "2063"]
[PlyCount "125"]
[EventDate "2009.06.??"]
[EventType "team-tourn"]
[EventRounds "6"]
[EventCountry "FRA"]
[SourceTitle "EXT 2010"]
[Source "ChessBase"]
[SourceDate "2010.11.25"]
[SourceVersion "1"]
[SourceVersionDate "2010.11.25"]
[SourceQuality "1"]

1. e4 Nf6 2. Nc3 d5 3. exd5 g6 4. Bb5+ Nbd7 5. d3 Bg7 6. Be3 0-0 7. d4 Nb6 8. h3 Nbxd5 9. Qf3 Nxc3 10. bxc3 c6 11. Bc4 Bf5 12. Bb3 Qa5 13. Ne2 Be4 14. Qg3 Qf5 15. Rc1 Nd5 16. 0-0 Qd7 17. Bd2 Rae8 18. Qh4 Bf5 19. Rce1 e5 20. Ng3 exd4 21. cxd4 Rxe1 22. Rxe1 Bf6 23. Qh6 Bxd4 24. Qh4 Bg7 25. c4 Nb6 26. Bh6 Bxh6 27. Qxh6 c5 28. Qg5 f6 29. Qf4 Be6 30. Ne4 Qf7 31. Nd6 Qd7 32. h4 Nc8 33. Nxb7 Qxb7 34. Rxe6 Kg7 35. h5 Qf7 36. h6+ Kg8 37. Rc6 g5 38. Qf3 Qe7 39. Qe3 Qxe3 40. fxe3 Ne7 41. Rxc5 f5 42. Rc7 Kf7 43. Rxa7 Kf6 44. a4 Rc8 45. a5 Nc6 46. Ra6 Ke5 47. Bd1 Rc7 48. Bf3 Nb4 49. Rb6 Rxc4 50. Rb7 Nd3 51. a6 g4 52. Be2 Rc1+ 53. Bf1 Nc5 54. Rxh7 Nxa6 55. Kf2 Nb4 56. Rb7 Nd5 57. Ba6 Rc6 58. h7 Rh6 59. Bc4 Nf6 60. Re7+ Kd6 61. Re6+ Kc5 62. Rxf6 Rxh7 63. Be6 1-0